Make money on-line with an effective marketing strategy

Tlačové spravodajstvo ako možnosť internetových marketingových stratégií. Pridávanie pridruženej alebo URL adresy k webovej stránke alebo Blogu. Odovzdanie vydavateľovi tlačového spravodajstva ako PRWeb.com. Efektívna marketingová stratégia. Zvýšenie predaja. Detaily o produkte a službe.

Na minha lista:
Detalhes bibliográficos
Autor principal: Hasan, Jamal
Formato: Capítulo de Livro
Idioma:inglês
Assuntos:
Tags: Adicionar Tag
Sem tags, seja o primeiro a adicionar uma tag!

MARC

LEADER 00000nla$a2200000$$$4500
001 0099809
005 20240502072110.1
041 0 |a eng 
044 |a SK 
245 1 0 |a Make money on-line with an effective marketing strategy  |c Jamal Hasan 
520 |a Tlačové spravodajstvo ako možnosť internetových marketingových stratégií. Pridávanie pridruženej alebo URL adresy k webovej stránke alebo Blogu. Odovzdanie vydavateľovi tlačového spravodajstva ako PRWeb.com. Efektívna marketingová stratégia. Zvýšenie predaja. Detaily o produkte a službe. 
610 2 0 |a stratégia marketingová 
610 2 0 |a služby 
610 2 0 |a siete počítačové 
610 2 0 |a produkty 
610 2 0 |a zisk 
610 2 0 |a obchod elektronický 
610 2 0 |a internet 
100 1 |a Hasan, Jamal